000 01030cam a2200373 4500
001 ABS65700
008 020722n2002 000 0 eng u
035 _a(Sirsi) u118972
245 _aFocus 2002: Sussex and Surrey
260 _c2002
490 _aEstates Gazette
_v(0228) 13 July 2002, 63-93(16)
590 _aABS
650 _aSUSSEX
650 _aSURREY
650 _aWEST SUSSEX
650 _aEAST SUSSEX
650 _aCRAWLEY
650 _aGATWICK
650 _aPUBLIC TRANSPORT
650 _aINDUSTRIAL MARKET
650 _aPROPERTY-COMMERCIAL PROPERTY-OFFICE PROPERTY-OFFICE PROPERTY MARKET
650 _aBRIGHTON
650 _aDEVELOPMENT
650 _aEASTBOURNE
650 _aBUSINESS PARKS
650 _aINVESTMENT MARKET
650 _aPROPERTY-COMMERCIAL PROPERTY-RETAIL PROPERTY-RETAIL PROPERTY MARKET
650 _aBUSES
650 _aCROYDON
650 _aCAMBERLEY
650 _aGUILDFORD
690 _aPROPERTY-COMMERCIAL PROPERTY-COMMERCIAL PROPERTY MARKET
942 _n0
999 _c70787
_d70787